000 00619nam a2200193 4500
999 _c169211
_d169211
005 20191108115336.0
010 _aENG-126867
020 _a9788196303535
_c695.00
035 _aEN-110399
037 _bDBAD/PUB
082 _a920
100 _aDubey, Garima
245 _aGreat educationist :
_cby Garima Dubey
_bPt. Madan Mohan Malaviya /
260 _aDelhi
_bVikram Prakashan
_c2019
270 _aE-11/5, Krishna Nagar, Delhi
_b Delhi
_e110051
_k7065961628, 9350345268
300 _aviii;239p.
_c22cm(Hb)
500 _aIncludes bibliographical references and index
942 _2ddc
_cEN
_h920
_mDUB